000 00834cam a2200241 a 4500
001 000005540
005 20200929151715.0
008 790328s2000 sp 000 0 spa
040 _aDO-SdBNP
_bspa
_cBNPHU
082 _a985
_bP171t, 2000
100 1 _aPalma, Ricardo,
_d1833-1919.
_915657
245 1 0 _aTradiciones peruanas :
_b(selección) /
_cRicardo Palma ; edición, Carlos Villanes Cairo.
250 _a2a ed.
260 _aMadrid :
_bCátedra,
_c2000.
300 _a635 p. ;
_c18 cm.
490 1 _aLetras hispánicas
_v384
500 _aIncluye referencias bibliográficas y notas al pie de las páginas
650 4 _aLeyendas
_zPerú
_915658
650 4 _aLeyendas peruanas
_915659
700 1 2 _aVillanes Cairo, Carlos,
_eed.
_915660
830 0 _aLetras hispánicas ;
_v384
_94208
910 _aValidado. Control de calidad MFF
999 _c5339
_d5339